000 00458nam a22001697a 4500
999 _c12393
_d12393
008 210201b ||||| |||| 00| 0 eng d
082 0 0 _a621.811
_bH2435
100 _91552
_aHannah, John
245 1 0 _aMechanics of machines: advanced theory and examlpes
_cBy John Hannah
250 _a2nd ed.
260 _aLondon
_bEdward Arnold
_c1972
300 _avii, 456p.
365 _d27.00
650 0 _aMachinery
700 _9663
_aStephens, R. C.
942 _cBK